000 01318cam a2200385 a 4500
001 12730671
003 OSt
005 20140310182659.0
008 020404s2002 nyua 001 0 eng
010 _a 2002279417
020 _a0071249907
020 _a0072329637 (acidfree paper)
040 _aDLC
_cDLC
_dDLC
050 0 0 _aPE1128
_b.W492 2002
082 0 0 _aM 428.24
_bM49 2002
100 1 _aWerner, Patricia K.,
_d1951-
245 1 0 _aMosaic 2 grammar /
_cPatricia K. Werner, John P. Nelson.
250 _a4th ed., International ed.
260 _aNew York :
_bMcGraw-Hill Contemporary,
_cc2002.
300 _aix, 421 p. :
_bill. ;
_c26 cm.
500 _aRev. ed. of: Mosaic two. 3rd ed. 1996.
500 _aIncludes index.
521 _a Highschool to College student
526 _c1210L to 1700L
541 _j1
541 _j2
562 _efor circulation. 2 copies available in the collection
650 0 _aEnglish language
_vTextbooks for foreign speakers.
650 0 _aEnglish language
_xGrammar
_vProblems, exercises, etc.
700 1 _aNelson, John,
_d1953-
700 1 _aWerner, Patricia K.,
_d1951-
_tMosaic two.
906 _a7
_bcbc
_corigcop
_d2
_encip
_f20
_gy-gencatlg
942 _2lcc
_cBK
_kM
999 _c15156
_d15156